00666nam a2200193 a 4500008004100000040002500041041000800066044000700074080001100081245006400092260005100156300007700207650003400284020000700318100002800325958000600353999001700359952009600376961023s1962 m yCZ 0 cze c aSNKbslocSNKeAACR21 acze aCZ a03=85010aPříruční slovník naučný i.dieln1. díl, A-F aPrahabČeskoslovenská akademie vědc1962 axix, 799 s., [60] s. obr., [20] zlož. listov fareb. mp. príl.c25 cm07aencyklopédie české2SNK c851 aProcházka, Vladimír aA c19251d19251 001040708Ka10000b10000d2019-11-29g85.00i17792oI 1449r2019-11-29w2019-11-29yOLDO